| 000 | 00603nam a22001937a 4500 | ||
|---|---|---|---|
| 003 | OSt | ||
| 005 | 20260422012748.0 | ||
| 008 | 260422b |||||||| |||| 00| 0 eng d | ||
| 020 | _a0-07-229468-X | ||
| 040 |
_aDWC-Main lib. _cOC |
||
| 082 |
_23rd ed. _aCirc. 512.9 D867 2000 |
||
| 100 | _aDugopolski, Mark | ||
| 245 |
_aStudent's solutions manual to accompany : _bintermediate algebra/ _cMark Dugopolski |
||
| 260 |
_aBoston : _bMcGraw-Hill Company, _cc2000. |
||
| 300 |
_a276 p. : _c28 cm. _e+ 1 CD ROM |
||
| 650 | _a1. Algebra. | ||
| 760 | _b3rd ed. | ||
| 942 |
_2ddc _cBK-CIRC _e3rd ed. _hCirc. _n0 |
||
| 999 |
_c9639 _d9639 |
||